| 000 | 00365 a2200145 4500 | ||
|---|---|---|---|
| 001 | 73918 | ||
| 082 | _a621.31042 CHA | ||
| 090 |
_c39012 _d39012 |
||
| 100 | _aChapman, Stephen J. | ||
| 245 | _aElectric machinery fundamantal, 3rd Ed | ||
| 250 | _a3 | ||
| 260 |
_aSingapore _bMCGraw-Hill, NY _c1999 |
||
| 300 | _a716p. | ||
| 500 | _aBE textbook Avionics | ||
| 942 |
_aNUST-CAE _cTXT _k621.31042 CHA |
||
| 999 |
_c308991 _d308991 |
||